Bytový dom

Saved in:
Bibliographic Details
Main Author: Mešťáneková, Daša (Author)
Other Authors: Lišková, Zuzana (Thesis advisor)
Format: Manuscript Book
Language:Slovak
Published: 2016
Subjects:
Online Access:http://is.stuba.sk/zp/portal_zp.pl?podrobnosti=124197
https://opac.crzp.sk/?fn=detailBiblioForm&sid=427371B0090519B80444DE21842E
Tags: Add Tag
No Tags, Be the first to tag this record!

MARC

LEADER 00000ntm a22000003a 4500
001 stuzp56710
003 SK-STU
005 20230626103226.7
007 ta
008 150427s2015----xo-----f-mn---000-0-slo-d
040 |a STU  |b slo 
041 0 |a slo 
100 1 |a Mešťáneková, Daša  |u 010180  |4 aut  |U SvF Stavebná fakulta  |T SvF Katedra konštrukcií pozemných stavieb  |X 42141  |U V180  |Y 18  |7 42141 
242 0 1 |a Flat house  |y eng 
245 1 0 |a Bytový dom 
260 |c 2016 
650 4 |a pavlač  |2 slo 
650 4 |a skelet  |2 slo 
650 4 |a bytový dom  |2 slo 
650 4 |a gallery  |2 eng 
650 4 |a flat house  |2 eng 
650 4 |a frame  |2 eng 
700 1 |a Lišková, Zuzana  |u 010180  |k Z3  |4 ths  |U SvF Stavebná fakulta  |T SvF Katedra konštrukcií pozemných stavieb  |X 59113  |U V180  |Y 18  |7 A000059113 
856 4 |u http://is.stuba.sk/zp/portal_zp.pl?podrobnosti=124197 
856 4 |u https://opac.crzp.sk/?fn=detailBiblioForm&sid=427371B0090519B80444DE21842E 
SQL |a stuzp56710  |b DBP  |c SLO  |d Bytový dom  |e 42141  |f Mešťáneková, Daša  |g 010180  |h 59113  |i Lišková, Zuzana  |j 20160622  |k 4  |l 01  |m http://is.stuba.sk/zp/portal_zp.pl?podrobnosti=124197  |n B-PSA  |o 5.1.4. pozemné stavby, 5.1.1. architektúra a urbanizmus